[Event "Arab Clubs-chT"]
[Site "Marrakesh"]
[Date "2014.05.28"]
[Round "6"]
[White "Naiem, Mousa"]
[Black "El Adnani, Mokliss"]
[Result "0-1"]
[WhiteElo "1966"]
[BlackElo "2388"]
[PlyCount "138"]
[EventDate "2014.05.24"]
[EventType "team-swiss"]
[EventRounds "9"]
[EventCountry "MAR"]
[SourceTitle "EXT 2018"]
[Source "ChessBase"]
[SourceDate "2017.10.13"]
[SourceVersion "1"]
[SourceVersionDate "2017.10.13"]
[SourceQuality "1"]
[WhiteTeam "Jordan"]
[BlackTeam "Foursane Ismalia"]
[WhiteTeamCountry "JOR"]
[BlackTeamCountry "MAR"]

1. Nc3 Nf6 2. e4 e5 3. Nf3 Nc6 4. Bb5 Bc5 5. Be2 d6 6. d3 h6 7. 0-0 Ne7 8. d4 exd4 9. Nxd4 0-0 10. Kh1 d5 11. Nb3 Bb6 12. exd5 a5 13. Bf3 a4 14. Nd2 Nexd5 15. Nxd5 Nxd5 16. Nc4 c6 17. Nxb6 Qxb6 18. c4 Nf6 19. Qc2 Qd4 20. Be3 Qh4 21. Bc5 Re8 22. Rfe1 Bg4 23. Qd3 Qh5 24. Be7 Bxf3 25. Qxf3 Qxf3 26. gxf3 Nd7 27. Rad1 Nf8 28. Kg2 Ne6 29. Rd7 b5 30. cxb5 cxb5 31. Re4 Rab8 32. Rb4 Rb6 33. f4 g6 34. Kg3 Ng7 35. Rd8 Rxd8 36. Bxd8 Rd6 37. Bc7 Rd3+ 38. Kg2 Ne6 39. Be5 Rd5 40. h4 f5 41. Kg3 Kf7 42. Kf3 Nd8 43. Rd4 Ke6 44. Ke3 Nc6 45. Rxd5 Kxd5 46. Bc3 Kc4 47. Kd2 Ne7 48. Bg7 Nd5 49. Bxh6 Nb4 50. a3 Nd3 51. Bg7 Nxf2 52. Kc2 Nd3 53. Bh6 Kd4 54. b3 Ke4 55. bxa4 bxa4 56. Kc3 Nxf4 57. Kb4 Nd5+ 58. Kxa4 f4 59. Bxf4 Nxf4 60. Kb5 Kd5 61. a4 Kd6 62. Kb6 Ne6 63. a5 Nc5 64. a6 Nxa6 65. Kxa6 Ke5 66. Kb5 Kf4 67. Kc4 Kg4 68. Kd3 Kxh4 69. Ke2 Kh3 0-1

[Event "Prince Mohammed 17th"]
[Site "Zarga"]
[Date "2009.10.09"]
[Round "7"]
[White "Naiem, Mousa"]
[Black "El Gindy, Essam"]
[Result "0-1"]
[WhiteElo "2153"]
[BlackElo "2487"]
[PlyCount "84"]
[EventDate "2009.10.05"]
[EventType "tourn"]
[EventRounds "14"]
[EventCountry "JOR"]
[EventCategory "8"]
[SourceTitle "EXT 2022"]
[Source "ChessBase"]
[SourceDate "2021.10.06"]
[SourceVersion "1"]
[SourceVersionDate "2021.10.06"]
[SourceQuality "1"]

1. Nf3 Nf6 2. g3 b6 3. Bg2 Bb7 4. 0-0 c5 5. d3 d6 6. e4 Nbd7 7. Nc3 e6 8. Re1 a6 9. a4 Be7 10. Qe2 0-0 11. Bd2 Rb8 12. d4 cxd4 13. Nxd4 Qc7 14. Rad1 Ne5 15. f4 Nc6 16. Be3 Na5 17. f5 e5 18. Nb3 Nc4 19. Bc1 b5 20. axb5 axb5 21. Kh1 b4 22. Nd5 Bxd5 23. exd5 Rfc8 24. g4 h6 25. h4 Nh7 26. g5 hxg5 27. hxg5 Bxg5 28. Bxg5 Nxg5 29. Qh5 f6 30. Be4 Qf7 31. Qh4 Kf8 32. Ra1 Ra8 33. Bg2 Rxa1 34. Rxa1 Kg8 35. Ra6 Ne3 36. Rxd6 Nxf5 37. Qxb4 Qh5+ 38. Kg1 Qd1+ 39. Kh2 Rxc2 40. Rd8+ Kh7 41. Qf8 Rxg2+ 42. Kxg2 Qe2+ 0-1

[Event "Prince Mohammed 17th"]
[Site "Zarga"]
[Date "2009.10.06"]
[Round "3"]
[White "Naiem, Mousa"]
[Black "Mansour, Sameer"]
[Result "1/2-1/2"]
[WhiteElo "2153"]
[BlackElo "2293"]
[PlyCount "100"]
[EventDate "2009.10.05"]
[EventType "tourn"]
[EventRounds "14"]
[EventCountry "JOR"]
[EventCategory "8"]
[SourceTitle "EXT 2022"]
[Source "ChessBase"]
[SourceDate "2021.10.06"]
[SourceVersion "1"]
[SourceVersionDate "2021.10.06"]
[SourceQuality "1"]

1. Nf3 c5 2. e3 Nf6 3. b3 d6 4. Bb2 e5 5. d3 Nc6 6. Nbd2 Be7 7. Be2 0-0 8. 0-0 Qc7 9. Ne4 d5 10. Ng3 Rd8 11. d4 cxd4 12. exd4 e4 13. Ne5 Bd6 14. Nxc6 bxc6 15. Bc1 Be6 16. Be3 Qd7 17. Qd2 a5 18. c3 a4 19. b4 Bg4 20. Bf4 Bxe2 21. Nxe2 Nh5 22. Bxd6 Qxd6 23. f4 f5 24. a3 Nf6 25. Ng3 Qe6 26. Rfe1 Ne8 27. Nf1 Nd6 28. Ne3 Qc8 29. Ra2 Ra7 30. Qc1 Rf7 31. Rd1 Qa6 32. Rc2 g5 33. g3 gxf4 34. gxf4 Rg7+ 35. Kh1 Kh8 36. c4 dxc4 37. d5 Rdg8 38. dxc6 Qxc6 39. Qd2 Qb6 40. Rc3 Qb8 41. Rcc1 Nb5 42. Nxf5 e3 43. Qd5 e2 44. Re1 Qxf4 45. Nxg7 Rxg7 46. Rg1 Rg6 47. Qd8+ Kg7 48. Qd7+ Kf6 49. Qd8+ Kf7 50. Qd7+ Kf8 1/2-1/2

[Event "Prince Mohammed 17th"]
[Site "Zarga"]
[Date "2009.10.05"]
[Round "1"]
[White "Neverov, Valeriy"]
[Black "Naiem, Mousa"]
[Result "1-0"]
[WhiteElo "2543"]
[BlackElo "2153"]
[PlyCount "73"]
[EventDate "2009.10.05"]
[EventType "tourn"]
[EventRounds "14"]
[EventCountry "JOR"]
[EventCategory "8"]
[SourceTitle "EXT 2022"]
[Source "ChessBase"]
[SourceDate "2021.10.06"]
[SourceVersion "1"]
[SourceVersionDate "2021.10.06"]
[SourceQuality "1"]

1. d4 Nf6 2. c4 g6 3. Nc3 Bg7 4. e4 d6 5. f3 c6 6. Be3 Na6 7. Qd2 Qc7 8. Bd3 Nb4 9. Bb1 a5 10. Nge2 0-0 11. 0-0 Bd7 12. a3 Na6 13. Ba2 Rfd8 14. Rac1 Be8 15. Kh1 Nd7 16. Bg5 Nf8 17. f4 Ne6 18. Bh4 Bh6 19. Qd3 b6 20. Rce1 Nf8 21. f5 Rd7 22. Qh3 Bg7 23. Rf3 f6 24. c5+ Bf7 25. Bxf7+ Kxf7 26. cxd6 exd6 27. fxg6+ hxg6 28. Bxf6 Bxf6 29. Qh8 Ke8 30. Rxf6 Rf7 31. Ref1 Rxf6 32. Rxf6 Qe7 33. Rxg6 b5 34. Nf4 Nc7 35. Rg7 Qf6 36. Qh5+ Kd8 37. Rf7 1-0

[Event "King Abdullah II op 3rd"]
[Site "Amman"]
[Date "2009.06.23"]
[Round "7"]
[White "Naiem, Mousa"]
[Black "Nowaiser, Raied"]
[Result "0-1"]
[WhiteElo "2113"]
[BlackElo "2137"]
[PlyCount "49"]
[EventDate "2009.06.18"]
[EventType "swiss"]
[EventRounds "9"]
[EventCountry "JOR"]
[SourceTitle "EXT 2022"]
[Source "ChessBase"]
[SourceDate "2021.10.06"]
[SourceVersion "1"]
[SourceVersionDate "2021.10.06"]
[SourceQuality "1"]

1. Nf3 Nf6 2. g3 g6 3. d3 Bg7 4. Bg2 0-0 5. 0-0 d6 6. c4 c6 7. Nc3 Qa5 8. e4 Qh5 9. Ne2 e5 10. h4 Bg4 11. Nc3 h6 12. Qe2 g5 13. hxg5 hxg5 14. Qe3 Nh7 15. Nh2 Bh3 16. g4 Bxg4 17. Qg3 Be6 18. Bf3 Qg6 19. Ng4 Nd7 20. Kg2 Ndf6 21. Rh1 Nxg4 22. Bxg4 Bxg4 23. Qxg4 f5 24. exf5 Qxf5 25. Qf3 0-1

[Event "JOR-ch sf"]
[Site "Amman"]
[Date "2009.03.28"]
[Round "4"]
[White "Naiem, Mousa"]
[Black "Al Jada, Ghaleb"]
[Result "0-1"]
[WhiteElo "2113"]
[BlackElo "2054"]
[PlyCount "70"]
[EventDate "2009.03.26"]
[EventType "swiss"]
[EventRounds "9"]
[EventCountry "JOR"]
[SourceTitle "EXT 2022"]
[Source "ChessBase"]
[SourceDate "2021.10.06"]
[SourceVersion "1"]
[SourceVersionDate "2021.10.06"]
[SourceQuality "1"]

1. Nf3 Nf6 2. d4 e6 3. Nc3 d5 4. Bg5 Nc6 5. e3 Be7 6. Bd3 0-0 7. 0-0 h6 8. Bxf6 Bxf6 9. Re1 e5 10. dxe5 Nxe5 11. Nxe5 Bxe5 12. f4 Bxc3 13. bxc3 c5 14. c4 Be6 15. cxd5 Bxd5 16. c4 Bc6 17. Qc2 Qh4 18. g3 Qh3 19. Re2 a6 20. Rae1 b5 21. e4 Rfe8 22. e5 b4 23. Bf5 Qh5 24. Bh7+ Kh8 25. Be4 Bxe4 26. Rxe4 a5 27. e6 fxe6 28. Rxe6 Rxe6 29. Rxe6 Re8 30. Rxe8+ Qxe8 31. Qf2 Qe4 32. Qf1 a4 33. Qc1 b3 34. axb3 axb3 35. Qc3 Qc2 0-1

[Event "Arab-ch League 4th"]
[Site "Doha"]
[Date "2002.03.10"]
[Round "9"]
[White "Bouaziz, Slim"]
[Black "Naiem, Mousa"]
[Result "0-1"]
[WhiteElo "2369"]
[BlackElo "2141"]
[PlyCount "132"]
[EventDate "2002.03.02"]
[EventType "team"]
[EventRounds "11"]
[EventCountry "QAT"]
[SourceTitle "CBM 087 Extra"]
[Source "ChessBase"]
[SourceDate "2002.05.03"]
[SourceVersion "2"]
[SourceVersionDate "2002.08.09"]
[SourceQuality "1"]

1. e4 Nf6 2. Nc3 d6 3. d4 g6 4. f4 Bg7 5. Nf3 0-0 6. Bd3 Nfd7 7. Be3 e5 8. dxe5 dxe5 9. f5 Nc6 10. g4 Nd4 11. g5 Re8 12. f6 Nxf6 13. gxf6 Qxf6 14. 0-0 Bg4 15. Be2 Bxf3 16. Bxf3 Rad8 17. Nd5 Qd6 18. c3 c6 19. cxd4 cxd5 20. Bf2 dxe4 21. Bxe4 exd4 22. Qd3 Be5 23. h3 Qe7 24. Rae1 Qg5+ 25. Kh1 Qf4 26. Bg1 Qg3 27. Rd1 Qxd3 28. Bxd3 a6 29. Rfe1 f6 30. Kg2 Kg7 31. Re2 Re7 32. Kf3 Rc7 33. Bf2 Rd6 34. Ree1 b5 35. Re2 Kf7 36. h4 Rc5 37. h5 f5 38. hxg6+ hxg6 39. b4 Rcd5 40. Bc2 d3 41. Bb3 dxe2 42. Rxd5 Kf6 43. Rxe5 Kxe5 44. Bg3+ Kf6 45. Kxe2 Rd4 46. Be1 Re4+ 47. Kf2 g5 48. Bc3+ Kg6 49. Bd5 Rf4+ 50. Kg2 Rg4+ 51. Kf2 Rh4 52. Kg2 Rh7 53. Bb3 Rd7 54. Be5 Rd2+ 55. Kf3 Rd3+ 56. Ke2 Rd7 57. Kf3 Re7 58. Bd6 g4+ 59. Kf2 Rd7 60. Be5 Kg5 61. Ke3 Re7 62. Kd4 f4 63. Bd5 Rd7 64. Ke4 f3 65. Bf4+ Kh4 66. Be5 Rxd5 0-1

[Event "Arab-ch League 4th"]
[Site "Doha"]
[Date "2002.03.09"]
[Round "8"]
[White "Naiem, Mousa"]
[Black "Al Qudaimi, Basheer"]
[Result "0-1"]
[WhiteElo "2141"]
[BlackElo "2237"]
[PlyCount "81"]
[EventDate "2002.03.02"]
[EventType "team"]
[EventRounds "11"]
[EventCountry "QAT"]
[SourceTitle "CBM 087 Extra"]
[Source "ChessBase"]
[SourceDate "2002.05.03"]
[SourceVersion "2"]
[SourceVersionDate "2002.08.09"]
[SourceQuality "1"]

1. Nf3 e6 2. d4 c5 3. e3 Nf6 4. Nc3 d5 5. Be2 Nc6 6. 0-0 a6 7. Ne5 Qc7 8. f4 cxd4 9. exd4 Nxd4 10. Be3 Nf5 11. Bf2 Bc5 12. g4 Ne3 13. Bxe3 Bxe3+ 14. Kh1 Bxf4 15. Nd3 Bd6 16. g5 Nd7 17. Bh5 g6 18. Qf3 0-0 19. Nf2 Ne5 20. Qh3 b5 21. Rfe1 b4 22. Ne2 d4 23. Nxd4 Bb7+ 24. Bf3 Nxf3 25. Nxf3 Be7 26. Ne4 Qe5 27. Qg3 Qxg3 28. hxg3 Rac8 29. Re2 Rc4 30. Nf6+ Kg7 31. Kh2 Rfc8 32. c3 Bd6 33. Rd2 Bb8 34. Nd7 bxc3 35. bxc3 Rxc3 36. Nfe5 Bxe5 37. Nxe5 R8c7 38. Kg1 Rc8 39. Rh2 R3c7 40. Ng4 Rc3 41. Rh4 0-1

[Event "Arab-ch League 4th"]
[Site "Doha"]
[Date "2002.03.03"]
[Round "2"]
[White "Naiem, Mousa"]
[Black "Chahrani, Ibrahim"]
[Result "1-0"]
[WhiteElo "2141"]
[BlackElo "2312"]
[PlyCount "81"]
[EventDate "2002.03.02"]
[EventType "team"]
[EventRounds "11"]
[EventCountry "QAT"]
[SourceTitle "CBM 087 Extra"]
[Source "ChessBase"]
[SourceDate "2002.05.03"]
[SourceVersion "2"]
[SourceVersionDate "2002.08.09"]
[SourceQuality "1"]

1. Nf3 f5 2. d4 Nf6 3. e3 g6 4. Be2 Bg7 5. 0-0 0-0 6. Nbd2 d6 7. b3 e6 8. Bb2 h6 9. Kh1 g5 10. c4 Nc6 11. Qc2 Nh7 12. Rad1 g4 13. Ng1 Qg5 14. a3 e5 15. d5 Ne7 16. e4 f4 17. f3 g3 18. h3 Qh4 19. Rfe1 Ng5 20. Bf1 Bd7 21. c5 Rac8 22. b4 Rf6 23. Qb3 Rg6 24. Re2 Kh7 25. a4 Rg8 26. cxd6 cxd6 27. b5 Nf7 28. Nc4 Qf6 29. Ba3 Nc8 30. Bb4 Rg5 31. Rc2 Rh5 32. Qa2 Bf8 33. Rdc1 Be7 34. Na5 b6 35. Nc6 Ng5 36. Nb8 Bxh3 37. gxh3 Nxh3 38. Nxh3 g2+ 39. Bxg2 Rxg2 40. Rxg2 Rxh3+ 41. Rh2 1-0

[Event "Asia Cities-ch 13th"]
[Site "Aden"]
[Date "2002.02.07"]
[Round "1"]
[White "Naiem, Mousa"]
[Black "Villamayor, Buenaventura"]
[Result "0-1"]
[WhiteElo "2141"]
[BlackElo "2520"]
[PlyCount "65"]
[EventDate "2002.02.07"]
[EventType "team-swiss"]
[EventRounds "9"]
[EventCountry "YEM"]
[SourceTitle "EXT 2020"]
[Source "ChessBase"]
[SourceDate "2019.10.17"]
[SourceVersion "1"]
[SourceVersionDate "2019.10.17"]
[SourceQuality "1"]
[WhiteTeam "Amman"]
[BlackTeam "Manila"]
[WhiteTeamCountry "JOR"]
[BlackTeamCountry "PHI"]

1. Nf3 d5 2. b3 Nf6 3. Bb2 Bg4 4. e3 Nbd7 5. Be2 e6 6. 0-0 Bd6 7. d4 0-0 8. Nbd2 Qe7 9. Ne5 Bxe2 10. Qxe2 c5 11. c4 cxd4 12. exd4 dxc4 13. Ndxc4 Rac8 14. Nxd6 Qxd6 15. Nc4 Qa6 16. Rfe1 Rfd8 17. f4 Nb6 18. Ne3 Qxe2 19. Rxe2 Nbd5 20. Nxd5 Nxd5 21. Rf1 Ne7 22. b4 Nc6 23. Rd2 Rd5 24. Kf2 h5 25. h3 f6 26. Re1 Kf7 27. Rde2 Nxd4 28. Bxd4 Rxd4 29. Rxe6 Rxf4+ 30. Kg3 Rxb4 31. Re7+ Kg6 32. R1e3 Rc1 33. a3 0-1

[Event "Asia Cities-ch 12th"]
[Site "Beirut"]
[Date "2000.03.21"]
[Round "5"]
[White "Naiem, Mousa"]
[Black "Kayle, Charles"]
[Result "1/2-1/2"]
[WhiteElo "2059"]
[BlackElo "2098"]
[PlyCount "82"]
[EventDate "2000.03.19"]
[EventType "team-swiss"]
[EventRounds "9"]
[EventCountry "LBN"]
[SourceTitle "EXT 2020"]
[Source "ChessBase"]
[SourceDate "2019.10.17"]
[SourceVersion "1"]
[SourceVersionDate "2019.10.17"]
[SourceQuality "1"]
[WhiteTeam "Amman"]
[BlackTeam "Gaza"]
[WhiteTeamCountry "JOR"]
[BlackTeamCountry "PLE"]

1. c4 e6 2. Nc3 d5 3. e3 Nf6 4. d4 Be7 5. Bd2 0-0 6. Rc1 c5 7. Nf3 Nc6 8. cxd5 exd5 9. h3 cxd4 10. exd4 Bf5 11. Bb5 Ne4 12. 0-0 Rc8 13. Na4 Nxd2 14. Qxd2 Be4 15. Bxc6 Bxf3 16. Bxb7 Rb8 17. gxf3 Rxb7 18. b3 Ba3 19. Rc2 Qh4 20. Kg2 Bd6 21. Rc6 Bf4 22. Qd3 f5 23. Nc5 Rbf7 24. Re1 g5 25. Ne6 Qh6 26. Qb5 g4 27. Nxf4 Qxf4 28. Qxd5 gxf3+ 29. Kh1 Kh8 30. Qe5+ Qxe5 31. dxe5 Re7 32. Kh2 Rg8 33. Rf6 Rg2+ 34. Kh1 Rxf2 35. Rxf5 Rxa2 36. Rxf3 Ra5 37. e6 Ra6 38. Rf7 Rexe6 39. Rg1 Rg6 40. Rxg6 hxg6 41. Kg2 Rb6 1/2-1/2